El dedo mágico : (Registro nro. 9160)
[ vista simple ]
| 000 -LIDER | |
|---|---|
| fixed length control field | 00856nam a22003017a 4500 |
| 001 - NÚMERO DE CONTROL | |
| Identificador de número de control | 0152 |
| 003 - IDENTIFICACDOR DE NÚMERO DE CONTROL | |
| control field | DO-SdBNP |
| 005 - DATE AND TIME OF LATEST TRANSACTION | |
| control field | 20180222100253.0 |
| 007 - CAMPOS FIJOS DE DESCRIPCIÓN FÍSICA | |
| fixed length control field | 0152 |
| 008 - ELEMENTOS DE LONGITUD FIJA | |
| fixed length control field | 151005b 2000 sp a 00| 0 spa d |
| 020 ## - ISBN | |
| International Standard Book Number | 8440697775 |
| 040 ## - FUENTE DE CATALOGACIÓN | |
| Agencia que crea de manera original el registro | BPMSU |
| Idioma de catalogación | spa |
| Agencia que realiza la transcripción | BPMSU |
| 082 #4 - NÚMERO DE CLASIFICACIÓN DECIMAL DE DEWEY | |
| Classification number | xxxx |
| Item number | xxxx |
| 100 1# - ASIENTO PRINCIPAL -- NOMBRE PERSONAL | |
| Nombre personal | Young, Jay |
| 240 14 - TITULO UNIFORME | |
| Título uniforme | The amazing magic fact machine |
| 245 13 - MENCIÓN DE TITULO | |
| Título | El dedo mágico : |
| Subtítulo | acierta la respuesta / |
| Mención de responsabilidad | Jay Young ; traductor María José Galilea ; ilustraciones Greg Adams |
| 260 ## - PUBLICACIÓN, DISTRIBUCIÓN, ETC. (PIE DE IMPRENTA) | |
| Lugar de publicación, distribución, etc | Barcelona : |
| Nombre del editor, distribuidor, etc. | Ediciones B, |
| Fecha de publicación, distribución, etc | 2000. |
| 300 ## - DESCRIPCIÓN FÍSICA | |
| Extensión | 30 p. : |
| Otros detalles físicos | il. ; |
| Dimensiones | 30 cm. |
| 490 1# - MENCIÓN DE SERIES | |
| Mención de serie | Grupo zeta |
| 521 ## - TARGET AUDIENCE NOTE | |
| Target audience note | Para niños de 5 a 8 años |
| 700 12 - ASIENTO SECUNDARIO -- NOMBRE PERSONAL | |
| Nombre personal | Galilea, María José, |
| Mención de responsabilidad | tr. |
| 700 12 - ASIENTO SECUNDARIO -- NOMBRE PERSONAL | |
| Nombre personal | Adams, Greg, |
| Mención de responsabilidad | il. |
| 830 #0 - ASIENTO SECUNDARIO DE SERIE--TÍTULO UNIFORME | |
| Título uniforme | Grupo zeta |
| 910 ## - VALIDACIÓN | |
| Validación | 202 |
| 942 ## - ADDED ENTRY ELEMENTS (KOHA) | |
| Source of classification or shelving scheme | Dewey Decimal Classification |
| Koha item type | Libros |
| 945 ## - INFORMACIÓN DE PROCESAMIENTO LOCAL | |
| Información de procesamiento local | Inventariado, 2018 / BT |
| 956 ## - LOCAL ELECTRONIC LOCATION AND ACCESS (OCLC) | |
| Nombre de host | Yngrid Lockward |
| Withdrawn status | Lost status | Source of classification or shelving scheme | Damaged status | Not for loan | Collection code | Home library | Current library | Date acquired | Source of acquisition | Total Checkouts | Full call number | Barcode | Date last seen | Price effective from | Koha item type |
|---|---|---|---|---|---|---|---|---|---|---|---|---|---|---|---|
| Dewey Decimal Classification | Colección Infantil General | Biblioteca Pública Metropolitana Salomé Ureña | Biblioteca Pública Metropolitana Salomé Ureña | 03/09/2016 | FUNDI | xxxx xxxx | BPMSU16030021 | 03/09/2016 | 03/09/2016 | Libros |